1331 1486 1742 1897 1495 1791 1383 1559 1888 1001 1190 1475 1900 1197 1816 1355 1443 1388 1767 1619 1716 1101 1861 1100 1161 1222 1483 1972 1763 1757 1962 1726 1952 1591 1398 1982 1618 1212 1744 1227 1414 1257 1146 1280 1397 1488 1149 1764 1326 1820 1563 1838 1885 1660 1362 1534 1336 1674 1019 1391 1992 1776 1091 1241 1895 1141 1864 1639 1028 1376 1186 1166 1701 1004 1793 1136 1275 1925 1452 1784 1228 1805 1904 1839 1743 1322 1124 1451 1327 1544 1853 1905 1593 1493 1997 1392 1203 1315 1640 BCNSPRNW ULIB Ver.6.0+V

เปลี่ยนเป็นภาษาไทย

Change to English
 แสดงรายละเอียดบรรณานุกรม
  กลับหน้าหลัก

Brief Record : Get Marc (ISO 2709) : E-mail record : QR code < ปิดหน้าต่าง
LEADER : 00000nam 2200000uu 4500
001    13399120870
003     ULIB
008    121022s2550||||th 000 0 tha d
020    9789747443975
099    วจ.WY18^cส984ค
100 0  โสภา ลี้ศิริวัฒนกุล
245 00 ความพึงพอใจของนักศึกษาต่อการประเมินคุณภาพหารสอนของอาจารย์และสิ่งสนับสนุนการเรียนรู้ของนักศึกษาหลักสูตรพยาบาลศาสตร์บัณฑิต วิทยาลัยพยาบาลพระปกเกล้า จันทบุรี^cโสภา ลี้ศิริวัฒนกุล
246 0  Nursing student satisfaction to ward the teaching quality and learning facilities evaluation methods
260    จันทบุรี:^bวิทยาลัยพยาบาลบรมพระปกเกล้า,^c2550
300    90 แผ่น
650  7 ความพึงพอใจ^xวิจัย
650  4 คุณภาพการสอน^xวิจัย
945    ^p0^l0^i032853
995    เกษร
999    ^aใช้งานได้ทุกระบบ
รายการนี้ยังไม่มีแท็ก
คุณยังไม่ได้ล็อกอิน คุณสามารถมีกิจกรรมร่วมกับเว็บไซต์ได้ แต่ต้องล็อกอินก่อน ::
  ล็อกอิน

รายการสื่อสารสนเทศ

ลำดับที่ ประเภท เลขเรียก/บาร์โค้ด สถานที่ สถานะ
1. งานวิจัย
งานวิจัย
วจ.WY18 ส984ค  
  Barcode: 032853
ห้องสมุดวิทยาเขตสวรรค์ประชารักษ์
►วิจัย
บนชั้น

BibComment


ยังไม่เคยถูกคอมเมนท์

คอมเมนท์ทรัพยากรรายการนี้
  คอมเมนท์: ความพึงพอใจของนัก..


 Copyright 2026. Bcnsprnw @Library